000 01129nam a2200253 a 4500
008 081121s2007 ||||||||||||||||| || u
020 _a0750682256
050 _aNA 2750 Par
100 _aSara, Rachel
245 1 4 _aThe crit: an architecture student's handbook -- 2nd ed.
_cRosie Parnell and Rachel Sara with Charles Doidge and Mark Parsons
250 _a2nd ed.
260 _aOxford
_bElsevier
_c2007
300 _axvii, 149p.: ill.
350 _a0.00
650 _aARCHITECTURAL DESIGN--STUDY AND TEACHING--HANDBOOKS, MANUALS, ETC
650 _aTEXTBOOKS
650 _aARCHITECTURAL DESIGN--EVALUATION
650 _aCOMMUNICATION IN ARCHITECTURAL DESIGN--HANDBOOKS, MANUALS, ETC
700 _aParnell, Rosie
700 _aDoidge Charles
700 _aParsons Mark
995 _D0.00
_FCBU-MAIN LIBRARY (Kitwe)
_H1
_I0.00
_M2
_UAVAILABLE
_WApr 13, 2012
_ZMain Library Open Access Collection
995 _D0.00
_FCBU-MAIN LIBRARY (Kitwe)
_H1
_I0.00
_M1
_UAVAILABLE
_WJan 30, 2009
_ZMain Library Open Access Collection
999 _c62619
_d62619